Kargil war : (Record no. 127975)

MARC details
000 -LEADER
fixed length control field 00706nam a22002297a 4500
005 - DATE AND TIME OF LATEST TRANSACTION
control field 20170124110033.0
010 ## - LIBRARY OF CONGRESS CONTROL NUMBER
LC control number A-996298
020 ## - INTERNATIONAL STANDARD BOOK NUMBER
Terms of availability 00.00
International Standard Book Number 1897829612
035 ## - SYSTEM CONTROL NUMBER
System control number A-996298
037 ## - SOURCE OF ACQUISITION
Source of stock number/acquisition Cen Lib/Ret
040 ## - CATALOGING SOURCE
Original cataloging agency DPL
Language of cataloging EN
082 ## - DEWEY DECIMAL CLASSIFICATION NUMBER
Classification number 355.02
Item number SAR
100 ## - MAIN ENTRY--PERSONAL NAME
Personal name Sarkar, Bhaskar
9 (RLIN) 102012
245 ## - TITLE STATEMENT
Title Kargil war :
Statement of responsibility, etc by Col Bhaskar Sarkar
Remainder of title past, present and future /
260 ## - PUBLICATION, DISTRIBUTION, ETC. (IMPRINT)
Place of publication, distribution, etc New Delhi
Name of publisher, distributor, etc Lancer Publishers
Date of publication, distribution, etc 1999
270 ## - ADDRESS
Address 56 Gautam Nagar
City New Delhi
Postal code 110049
300 ## - PHYSICAL DESCRIPTION
Extent xiii,211p. :
Dimensions 22cm(Hb)
Other physical details ill.
500 ## - GENERAL NOTE
General note Includes bibliography
650 ## - SUBJECT ADDED ENTRY--TOPICAL TERM
Topical term or geographic name as entry element Military science
9 (RLIN) 22067
650 ## - SUBJECT ADDED ENTRY--TOPICAL TERM
Topical term or geographic name as entry element Kargil war--Military science
9 (RLIN) 22068
942 ## - ADDED ENTRY ELEMENTS (KOHA)
Source of classification or shelving scheme Dewey Decimal Classification
Koha item type English Books
Classification part 355.02
Call number suffix SAR
Holdings
Withdrawn status Lost status Damaged status Not for loan Home library Current library Date acquired Source of acquisition Cost, normal purchase price Total Checkouts Full call number Barcode Date last seen Copy number Cost, replacement price Price effective from Koha item type
        Central Library Central Library 01/07/2015 Cen Lib/Ret 0.00   355.02 SAR A-996298 01/07/2015 1 0.00 01/07/2015 English Books

© Delhi Public Library
Hit Counter
free hit counter